Countries of Asia by their Native Name - Statistics

General Stats
  • This quiz has been taken 37 times
  • The average score is 38 of 50
Answer Stats
Hint Answer % Correct
Qazaqstan Kazakhstan
97%
Pilipinas Philippines
94%
Qatar Qatar
94%
Azərbaycan Azerbaijan
91%
Bānlādēśa Bangladesh
91%
Myanmar Myanmar
91%
Singapura Singapore
91%
Türkmenistan Turkmenistan
91%
O'zbekiston Uzbekistan
91%
Việt Nam Vietnam
91%
Brunei Brunei
88%
Kýpros Cyprus
88%
Indonesia Indonesia
88%
Iran Iran
88%
Malaysia Malaysia
88%
Srī Laṁkāva Sri Lanka
88%
Ufghanstan Afghanistan
84%
Zhōngguó China
84%
Aleiraq Iraq
84%
Mongol Mongolia
84%
Pakistan Pakistan
84%
Suria Syria
84%
Aalbahrayn Bahrain
81%
Lubnan Lebanon
81%
Táiwān Taiwan
81%
Timor Leste Timor Leste
81%
Bhaarat India
78%
Nihon Japan
78%
Almamlakat Alearabiat Alsueudia Saudi Arabia
78%
Kırgızstan Kyrgyzstan
75%
Eamaan Oman
75%
Rossiya Russia
75%
Daehanmingug South Korea
75%
Tocikiston Tajikistan
75%
Brug rgyal yul Bhutan
72%
Kampouchea Cambodia
72%
Yisshar'el Israel
72%
Māladivayina Maldives
72%
Alyaman Yemen
72%
Sakartvelos Georgia
69%
Hayastan Armenia
66%
Al'iimarat alearabiat almutahida United Arab Emirates
66%
Filastin Palestine
63%
Al'urdunu Jordan
59%
Alkuayt Kuwait
59%
Bughan North Korea
59%
Pathedlav Laos
56%
Pratheṣ̄thịy Thailand
50%
Nēpāla Nepala
19%
Türkiye Turkish
6%
No matching quizzes found
Score Distribution
Percent of People with Each Score
Percentile by Number Answered
Your Score History
You have not taken this quiz